Hannover : Postanstalten und Poststempel (Record no. 1692)

000 -LEADER
fixed length control field 00400nam a22000977a 4500
008 - FIXED-LENGTH DATA ELEMENTS--GENERAL INFORMATION
fixed length control field 150810b xxu||||| |||| 00| 0 ger d
100 ## - MAIN ENTRY--AUTHOR'S NAME
Author's Name Lenthe, A. von
245 ## - TITLE STATEMENT
Title Hannover : Postanstalten und Poststempel
260 ## - PUBLICATION, DISTRIBUTION, ETC. (IMPRINT)
Place of publication, distribution, etc. Hannover, Germany
Name of publisher, distributor, etc. Hans Grobe
Date of publication, distribution, etc. 1971
650 ## - TOPICAL TERM (Tag)
Topical term or geographic name Germany | Hanover (1850-1866) | German States | Postal History Post Offices | Postal Service | Postal Markings | Catalogs and Price Lists
Holdings
Withdrawn status Lost status Source of classification or shelving scheme Damaged status Koha normalized classification for sorting Not for loan Permanent Location Current Location Date acquired Total Checkouts Full call number Barcode Date last seen Price effective from Koha item type
        G6321 P856 L574   Northern Philatelic Library Northern Philatelic Library 08/10/2015   G6321 .P856 L574 1001961 08/10/2015 08/10/2015 Books

Powered by Koha